000 00834nas a2200289 4500
001 BR8503683
003 BR-BrBNA
005 20231205090304.0
007 ta
008 230509b bl.|||p| |||| 00| 00por d
040 _aBR-BrBNA
_bpor
_cBiblioteca Nacional de Agricultura
041 _a(Pt)
072 _aL74
100 1 _aSturion, D.J.
100 1 _aHilst, C.L.S.
100 1 _aPassarelli, A.
100 1 _aMascarenhas, N.M.F.
100 1 _aKamide, R.
100 1 _aPirolo, J.
245 1 _aRetracao hipertrofica da cartilagem endocondrol das metafisis distais da ulna em dogue alemao
650 _aCAO
650 _aCARTILAGEM
650 _aESQUELETO
773 0 _tSemina (Brazil)
_xISSN 0101-3742
_g(Jan-Apr 1985), v. 6(1) p. 13-16
_wBR8503683
909 _a202311
_bLúcia
_c55
_dLúcia Elande
942 _2AGRIS
_n0
_cANA
999 _c117372
_d117372